| 000 | 00433nam a2200181 a 4500 | ||
|---|---|---|---|
| 001 | 3363 | ||
| 003 | CO-ViMGA | ||
| 008 | 141112s2004 ck r 000 u spa d | ||
| 040 |
_aCO-ViMGA _bspa _cCO-ViMGA |
||
| 082 | 0 | 4 | _a853.914 F151h |
| 100 | 1 | _aFallaci, Oriana | |
| 245 | 1 | 0 |
_aUn hombre : _bnovela |
| 250 | _a8a | ||
| 260 |
_aBarcelona : _bNoguer, _c1979 |
||
| 300 | _a461 p | ||
| 650 | 1 | 4 |
_aNOVELA ITALIANA _92688 |
| 942 |
_2ddc _cBK |
||
| 999 |
_c15412 _d15412 |
||